000 00475nam a2200133Ia 4500
008 181023s9999 xx 000 0 und d
020 _a9781138200586
100 _aZiomek-Daigle, Jolie.
245 _cJolie Ziomek-Daigle.--
_aCounseling children and adolescents :
_bworking in school and clinical mental health settings /
260 _aNew York :
_bRoutledge
_c2017
300 _axi, 497 pages.
650 _aChildren -- counseling of.
650 _aTeenagers -- counseling of.
999 _c359338
_d359338